Waste strategy 2000 for England and Wales (Record no. 100536)
[ view plain ]
| 000 -LEADER | |
|---|---|
| fixed length control field | 00689cam a2200193 4500 |
| 008 - FIXED-LENGTH DATA ELEMENTS--GENERAL INFORMATION | |
| fixed length control field | 000000n2000 000 0 eng u |
| 020 ## - INTERNATIONAL STANDARD BOOK NUMBER | |
| International Standard Book Number | 0101469322 |
| 035 ## - SYSTEM CONTROL NUMBER | |
| System control number | (Sirsi) u106184 |
| 041 ## - LANGUAGE CODE | |
| Language code of text/sound track or separate title | eng |
| 050 ## - LIBRARY OF CONGRESS CALL NUMBER | |
| Classification number | 614.76 |
| -- | 18 |
| 110 ## - MAIN ENTRY--CORPORATE NAME | |
| Corporate name or jurisdiction name as entry element | United Kingdom |
| Subordinate unit | Department of the Environment, Transport and the Regions |
| 9 (RLIN) | 3507 |
| 245 ## - TITLE STATEMENT | |
| Title | Waste strategy 2000 for England and Wales |
| 260 ## - PUBLICATION, DISTRIBUTION, ETC. | |
| Place of publication, distribution, etc. | London |
| Name of publisher, distributor, etc. | Stationery Office |
| -- | 2000 |
| 350 ## - PRICE (NR) (BK AM CF MU VM SE) [OBSOLETE] | |
| Price | 10 |
| 490 ## - SERIES STATEMENT | |
| Series statement | Cm |
| Volume/sequential designation | 4693 |
| 690 ## - LOCAL SUBJECT ADDED ENTRY--TOPICAL TERM (OCLC, RLIN) | |
| Topical term or geographic name as entry element | ENVIRONMENTAL AND LAND CONSULTANCY-WASTE MANAGEMENT |
| 856 ## - ELECTRONIC LOCATION AND ACCESS | |
| Uniform Resource Identifier | <a href="https://www.defra.gov.uk/environment/waste/strategy/cm4693/index.htm">https://www.defra.gov.uk/environment/waste/strategy/cm4693/index.htm</a> |
| Hours access method available | View the strategy free of charge at www.defra.gov.uk... |
| 942 ## - ADDED ENTRY ELEMENTS (KOHA) | |
| Suppress in OPAC | 0 |
| Withdrawn status | Lost status | Source of classification or shelving scheme | Damaged status | Not for loan | Home library | Current library | Shelving location | Date acquired | Total Checkouts | Full call number | Barcode | Date last seen | Copy number | Price effective from | Koha item type |
|---|---|---|---|---|---|---|---|---|---|---|---|---|---|---|---|
| Dewey Decimal Classification | Virtual | Virtual | Online | 27/11/2003 | ONLINE PUBLICATION | 106184-2001 | 06/08/2019 | 1 | 06/08/2019 | Book |